International relations law of the European Union

Gespeichert in:
Bibliographische Detailangaben
1. Verfasser: McGoldrick, Dominic
Format: Buch
Sprache:Englisch
Veröffentlicht: Harlow Addison Wesley Longman 1997
Schriftenreihe:European law series
Schlagworte:
Tags: Tag hinzufügen
Keine Tags, Fügen Sie das erste Tag hinzu!

MARC

LEADER 00000nam a2200000 4500
001 c117265
005 20231215115050.0
020 |a 0-582-28857-6 
041 0 |a eng 
044 |a GB 
245 1 0 |a International relations law of the European Union  |c Dominic McGoldrick 
264 1 |a Harlow  |b Addison Wesley Longman  |c 1997 
300 |a [206] s. 
490 1 |a European law series 
830 0 |a European law series 
610 2 0 |a integrácia ekonomická medzinárodná 
610 2 0 |a vzťahy právne 
610 2 0 |a dohody medzinárodné 
610 2 0 |a spolupráca hospodárska medzinárodná 
610 2 0 |a politika bezpečnostná 
610 2 0 |a právo európske 
610 2 0 |a práva ľudské 
610 2 0 |a Európske spoločenstvá 
610 2 0 |a Európska únia 
100 1 |a McGoldrick, Dominic